| 000 | 00800nam a22002177a 4500 | ||
|---|---|---|---|
| 999 |
_c2335 _d2335 |
||
| 003 | AR-CdUCM | ||
| 008 | 190304b ||||| |||| 00| 0 spa d | ||
| 040 |
_aMUNICIPALIDAD PROVINCIAL DEL CUSCO _cBIBLIOTECA MUNICIPAL DEL CUSCO |
||
| 082 |
_a848.94 / _bS23 |
||
| 100 |
_aSartre, Jean Paul _9911 |
||
| 245 | _aHuracán sobre el Azúcar / | ||
| 260 |
_aParís : _bPrometeo, |
||
| 300 |
_a199 Páginas ; _c17 cm. |
||
| 440 |
_aHuracan sobre el Azucar es el titulo con el que se publican 16 artículos de Jean-Paul Sartre, aparecidos en el diario FRANCE-SOIR de París. _98421 |
||
| 500 | _aLiberación Económica | ||
| 650 |
_aLiberación Económica _98422 |
||
| 650 |
_aIntegración social _98423 |
||
| 650 |
_aTransformación económica y política _98424 |
||
| 942 |
_2ddc _cLIBROS |
||
| 945 | _adavv | ||